000 00307nam a2200109 4500
999 _c11141
_d11141
008 181012b ||||| |||| 00| 0 eng d
245 _aCyberthieves in the neighborhood.
260 _aPhilippines
_bPhilippine Daily Inquirer
_cc2017
300 _apage B3.
650 0 _932180
_aCrimes-Cyber.
942 _2ddc
_cPER